Statistics for Australian Bird Names Containing 'Gold'

Click here to take the quiz!

General Stats

  • This quiz has been taken 5 times
  • The average score is 2 of 7

Answer Stats

Answer% Correct
European Goldfinch
50%
Golden Bowerbird
50%
Golden Whistler
50%
American Golden Plover
25%
Golden-headed Cisticola
25%
Golden-shouldered Parrot
25%
Mangrove Golden Whistler
0%

Score Distribution

Percentile by Number Answered

Percent of People with Each Score

Your Score History

You have not taken this quiz